| 000 -CABECERA |
| Longitud fija campo de control |
00687nam a2200193 a 4500 |
| 001 - NÚMERO DE CONTROL |
| Número de control |
1240 |
| 003 - IDENTIFICADOR DEL NÚMERO DE CONTROL |
| Identificador del número de control |
CDMR |
| 005 - FECHA Y HORA DE LA ÚLTIMA TRANSACCIÓN |
| Fecha y hora de la última transacción |
20131114114655.0 |
| 008 - CÓDIGOS DE INFORMACIÓN DE LONGITUD FIJA |
| Códigos de información de longitud fija |
130130s1988||||||||||||||||||||||||||||d |
| 040 ## - FUENTE DE LA CATALOGACIÓN |
| Centro catalogador de origen |
CDMR |
| Lengua de catalogación |
cat |
| Centro transcriptor |
CDMR |
| 100 1# - PUNTO DE ACCESO PRINCIPAL-NOMBRE DE PERSONA |
| Nombre de persona |
López i Esteban, Maria Àngels |
| 9 (RLIN) |
963 |
| 245 10 - MENCIÓN DE TÍTULO |
| Título |
Estudi sobre la situació laboral dels periodistes a Catalunya 1987 |
| Mención de responsabilidad, etc. |
M. Angels lôpez i Esteban |
| 246 ## - VARIANTES DE TÍTULO |
| Título propio / Título en breve |
Seminari sobre la situació laboral de la professió periodística a Catalunya |
| 260 ## - PUBLICACIÓN, DISTRIBUCIÓN, ETC. (PIE DE IMPRENTA) |
| Lugar de publicación, distribución, etc. |
Barcelona |
| Fecha de publicación, distribución, etc. |
1988 |
| Nombre del editor, distribuidor, etc. |
Col.legi de Periodistes de Catalunya |
| 300 ## - DESCRIPCIÓN FÍSICA |
| Dimensiones |
30 cm |
| 650 04 - PUNTO DE ACCESO ADICIONAL DE MATERIA - TÉRMINO DE MATERIA |
| 9 (RLIN) |
3782 |
| Término de materia o nombre geográfico como elemento inicial |
Periodistes |
| Subdivisión de materia general |
Pràctica professional |
| 650 04 - PUNTO DE ACCESO ADICIONAL DE MATERIA - TÉRMINO DE MATERIA |
| 9 (RLIN) |
4342 |
| Término de materia o nombre geográfico como elemento inicial |
Mercat de treball |
| Subdivisión geográfica |
Catalunya |
| 942 ## - ENTRADA DE ELEMENTOS AGREGADOS (KOHA) |
| Koha [por defecto] tipo de item |
Monografies |
| Fuente de clasificaión o esquema |
|